| 000 | 00558nam a2200157Ia 4500 | ||
|---|---|---|---|
| 003 | GCL | ||
| 008 | 140319s9999 xx 000 0 ara d | ||
| 040 |
_aGCL / _cGCL |
||
| 082 | 0 | 4 |
_aم _b657.030 _bا م |
| 100 | 1 | _aادوار عبدالله معلولى | |
| 245 | 1 | 0 |
_aموسوعة المصطلحات الفنية فى المحاسبة: قاموس تقنى ط\E / _cادوار عبدالله معلولى |
| 260 |
_a[S.N] : _bدار الراتب الجامعية ، _c1986 |
||
| 650 | 0 | 4 | _aالمحاسبة |
| 650 | 0 | 4 | _aالقواميس |
| 942 |
_2ddc _cREF |
||
| 999 |
_c59336 _d59336 |
||